| 000 | 00746cab a2200241 4500 | ||
|---|---|---|---|
| 001 | ABS51505 | ||
| 008 | 090401t1994 xxu||||| |||| 00| 0 eng d | ||
| 035 | _a(Sirsi) u30821 | ||
| 041 | _aeng | ||
| 100 | _aSheasby, A. | ||
| 245 | _aPowder coatings in the building sector | ||
| 260 | _c1994 | ||
| 350 | _a0 | ||
| 490 |
_aSurface Coatings International _v77(9) September 1994, 394-396(3) |
||
| 520 | _aTraces the growth in use of powder coatings as a finish to architectural metal and describes the range of applications. Looks at new developments. | ||
| 650 | _aCOATINGS | ||
| 650 | _aCOLOUR | ||
| 650 | _aPAINT | ||
| 650 | _aPOWDER COATINGS | ||
| 690 | _aBUILT ENVIRONMENT-BUILDING MATERIALS | ||
| 942 | _n0 | ||
| 948 | _c04/03/1997 | ||
| 999 |
_c20767 _d20767 |
||